Innovación para el desarrollo sostenible (Record no. 210712)

MARC details
000 -CABECERA
campo de control de longitud fija 00956nam a2200253 a 4500
003 - IDENTIFICADOR DEL NÚMERO DE CONTROL
campo de control MX-MxUPN
005 - FECHA Y HORA DE LA ÚLTIMA TRANSACCIÓN
campo de control 20240106063558.0
007 - CAMPO FIJO DE DESCRIPCIÓN FÍSICA--INFORMACIÓN GENERAL
campo de control de longitud fija cr
008 - ELEMENTOS DE LONGITUD FIJA--INFORMACIÓN GENERAL
campo de control de longitud fija 240105t2018 mx a||||o|||| 000 0 spa d
020 ## - NÚMERO INTERNACIONAL NORMALIZADO PARA LIBROS
Número Internacional Estándar del Libro 9786078164042
040 ## - FUENTE DE LA CATALOGACIÓN
Centro catalogador/agencia de origen MX-MxUPN
Lengua de catalogación spa
Centro/agencia transcriptor MX-MxUPN
Normas de descripción aacr2
041 0# - CÓDIGO DE IDIOMA
Código de lengua del texto/banda sonora o título independiente spa
050 14 - SIGNATURA TOPOGRÁFICA DE LA BIBLIOTECA DEL CONGRESO
Número de clasificación HM846
245 00 - MENCIÓN DE TÍTULO
Título Innovación para el desarrollo sostenible
Medio [recurso electrónico en línea]
260 ## - PUBLICACIÓN, DISTRIBUCIÓN, ETC.
Lugar de publicación, distribución, etc. México :
Nombre del editor, distribuidor, etc. Gobierno del Estado de Guanajuato :
-- Oficina de la Unesco en México,
Fecha de publicación, distribución, etc. ©2018.
300 ## - DESCRIPCIÓN FÍSICA
Extensión 1 recurso en línea (708 páginas) :
Otras características físicas PDF, ilustraciones
506 0# - NOTA DE RESTRICCIONES AL ACCESO
Limitaciones de acceso Acceso abierto.
650 #4 - ASIENTO SECUNDARIO DE MATERIA - TERMINO TEMATICO
Término de materia o nombre geográfico como elemento de entrada Innovaciones tecnológicas
Subdivisión general Aspectos sociales
9 (RLIN) 27408
700 1# - ASIENTO SECUNDARIO--NOMBRE DE PERSONAL
Nombre de persona Sanz, Nuria
9 (RLIN) 46921
Término indicativo de función/relación edición
700 1# - ASIENTO SECUNDARIO--NOMBRE DE PERSONAL
Nombre de persona Tejada, Carlos
9 (RLIN) 50708
Término indicativo de función/relación edición
856 40 - LOCALIZACIÓN Y ACCESO ELECTRÓNICOS
Identificador Uniforme del Recurso <a href="https://unesdoc.unesco.org/ark:/48223/pf0000265693?posInSet=18&queryId=N-3bb688e9-ce59-4c49-b223-7131795aee05">https://unesdoc.unesco.org/ark:/48223/pf0000265693?posInSet=18&queryId=N-3bb688e9-ce59-4c49-b223-7131795aee05</a>
902 ## - ELEMENTOS DE DATOS B LOCAL, LDB (RLIN)
Creó Víctor Ruiz/050124
942 ## - ELEMENTOS DE PUNTO DE ACCESO ADICIONAL (KOHA)
Fuente del sistema de clasificación o colocación Library of Congress Classification
Tipo de ítem Koha Libro Electrónico
Holdings
Estado de retiro Estado de pérdida Fuente del sistema de clasificación o colocación Estado dañado No para préstamo Código de colección Localización permanente Ubicación/localización actual Ubicación en estantería Fecha de adquisición Total de préstamos Clasificación Fecha visto por última vez Identificador Uniforme del Recurso Precio válido a partir de Tipo de ítem Koha
    Library of Congress Classification     Acceso abierto Bib. Gregorio Torres Quintero Bib. Gregorio Torres Quintero En línea 05/01/2024   HM846 05/01/2024 https://unesdoc.unesco.org/ark:/48223/pf0000265693?posInSet=18&queryId=N-3bb688e9-ce59-4c49-b223-7131795aee05 05/01/2024 Libro Electrónico